Vývoj hotových riešení štruktúrovaného programovania v jazyku C bakalárska práca

Guardado en:
Detalles Bibliográficos
Autor principal: Gogoľáková, Adriána
Autor Corporativo: Fakulta hospodárskej informatiky EU. Katedra aplikovanej informatiky
Otros Autores: Hanák, Ján
Formato: Libro
Lenguaje:eslovaco
Publicado: Bratislava 2011
Etiquetas: Agregar Etiqueta
Sin Etiquetas, Sea el primero en etiquetar este registro!

MARC

LEADER 00000nbm a2200000 4500
001 0141082
005 20161109111733.1
041 0 |a slo 
044 |a SK 
245 1 0 |a Vývoj hotových riešení štruktúrovaného programovania v jazyku C  |b bakalárska práca  |c Adriána Gogoľáková ; školiteľ: Ján Hanák 
264 1 |a Bratislava  |c 2011 
300 |a 33 s. 
100 1 |a Gogoľáková, Adriána 
700 1 |a Hanák, Ján 
710 2 |a Fakulta hospodárskej informatiky EU. Katedra aplikovanej informatiky